000 00599nam a2200241Ia 4500
003 OSt
005 20221005130948.0
006 a|||||r|||| 00| 0
007 ta
008 221004b |||||||| |||| 00| 0 eng d
024 _a63868
037 _cTextual
040 _aCRL
_cCRL
_beng
041 _2eng
_aeng
082 _aV25372:25:N0, F8;H9
100 _aRajendra Prasad
_999960
245 0 _aSatyagraha in Champaran
250 _a2nd
260 _c1928
650 _aHISTORY
942 _hV25372:25:N0, F8;H9
_cTEXL
_2cc
999 _c1058941
_d1058941